000 00547nam a22001817a 4500
003 0
005 20240802164636.0
008 240802b xxu||||| |||| 00| 0 eng d
020 _a9780357674611
050 _aQA 76.27
_b.C66 2023
245 _aComputer concepts
_bcomprehensive
250 _a21st edition
260 _aCengage
_bBoston, Massachusetts
_c2023
300 _axvii, 956 pages :
_bcolored illustrations ;
_c28 cm.
500 _aIncludes bibliographical references, index, and glossary.
650 _aComputers.
942 _2lcc
_cBK
999 _c366041
_d366041